Statystyki dla Ocal Ludzkość, Zgadując Kraje

Kliknij tutaj aby rozwiązać quiz!

Ogólne statystyki

  • Ten quiz został rozwiązany 190 745 razy
  • Średni wynik to 3889 z 7811

Odpowiedzi na mapie

Odpowiedzi skodowane kolorowo w zielono-czerwonej skali na mapie do tego quizu, zgodnie z poniższymi procentami.
 

Statystyki odpowiedzi

populationCountry% Poprawnych
37,846,611Polska
96%
145,934,462Rosja
91%
331,002,651Stany Zjednoczone
89%
1,447,470,092Chiny
86%
83,783,942Niemcy
81%
67,515,709Francja
73%
37,742,154Kanada
72%
212,559,417Brazylia
69%
1,380,004,385Indie
68%
46,754,778Hiszpania
62%
126,476,461Japonia
60%
128,932,753Meksyk
55%
45,195,774Argentyna
52%
43,733,762Ukraina
51%
25,499,884Australia
50%
67,886,011Wielka Brytania
50%
60,461,826Włochy
47%
59,308,690Republika Południowej Afryki
41%
102,334,404Egipt
40%
10,099,265Szwecja
38%
24,206,644Niger
37%
10,196,709Portugalia
35%
5,421,241Norwegia
34%
273,523,615Indonezja
33%
206,139,589Nigeria
31%
84,339,067Turcja
31%
10,708,981Czechy
30%
19,116,201Chile
29%
51,269,185Korea Południowa
29%
18,776,707Kazachstan
28%
89,561,403Demokratyczna Republika Konga
26%
83,992,949Iran
26%
220,892,340Pakistan
26%
5,540,720Finlandia
25%
2,722,289Litwa
25%
5,792,202Dania
24%
3,278,290Mongolia
24%
9,449,323Białoruś
23%
40,222,493Irak
23%
10,423,054Grecja
22%
5,459,642Słowacja
22%
25,778,816Korea Północna
21%
1,886,198Łotwa
21%
32,971,854Peru
21%
43,851,044Algieria
20%
34,813,871Arabia Saudyjska
20%
164,689,383Bangladesz
20%
50,882,891Kolumbia
20%
5,518,087Kongo
20%
1,326,535Estonia
19%
17,134,872Holandia
19%
9,006,398Austria
17%
11,589,623Belgia
17%
37,507,899Maroko
17%
97,338,579Wietnam
17%
109,581,078Filipiny
16%
4,937,786Irlandia
16%
69,799,978Tajlandia
16%
4,822,233Nowa Zelandia
15%
114,963,588Etiopia
14%
341,243Islandia
14%
8,654,622Szwajcaria
14%
9,660,351Węgry
14%
38,928,346Afganistan
13%
4,105,267Chorwacja
13%
53,771,296Kenia
13%
19,237,691Rumunia
13%
801Watykan
13%
28,435,940Wenezuela
13%
11,673,021Boliwia
12%
6,871,292Libia
12%
32,365,999Malezja
12%
2,078,938Słowenia
12%
43,849,260Sudan
12%
3,473,730Urugwaj
12%
16,425,864Czad
11%
8,655,535Izrael
10%
9,890,402Zjednoczone Emiraty Arabskie
10%
2,877,797Albania
9%
6,948,445Bułgaria
9%
39,242Monako
9%
5,106,626Oman
9%
6,926,908Serbia
9%
17,643,054Ekwador
8%
29,825,964Jemen
8%
11,326,616Kuba
8%
7,275,560Laos
8%
7,132,538Paragwaj
8%
17,500,658Syria
8%
23,816,775Tajwan
8%
11,818,619Tunezja
8%
32,866,272Angola
7%
16,718,965Kambodża
7%
27,691,018Madagaskar
7%
20,250,833Mali
7%
441,543Malta
7%
29,136,808Nepal
7%
33,931San Marino
7%
15,893,222Somalia
7%
33,469,203Uzbekistan
7%
77,265Andora
6%
3,280,819Bośnia i Hercegowina
6%
1,810,463Kosowo
6%
54,409,800Mjanma
6%
4,033,963Mołdawia
6%
4,314,767Panama
6%
16,743,927Senegal
6%
59,734,218Tanzania
6%
1,207,359Cypr
5%
31,072,940Ghana
5%
3,989,167Gruzja
5%
2,881,053Katar
5%
6,825,445Liban
5%
625,978Luksemburg
5%
2,083,374Macedonia Północna
5%
45,741,007Uganda
5%
26,378,274Wybrzeże Kości Słoniowej
5%
2,963,243Armenia
4%
10,139,177Azerbejdżan
4%
628,066Czarnogóra
4%
71,986Dominika
4%
2,961,167Jamajka
4%
26,545,863Kamerun
4%
6,524,195Kirgistan
4%
31,255,435Mozambik
4%
4,829,767Republika Środkowoafrykańska
4%
5,850,342Singapur
4%
21,413,249Sri Lanka
4%
9,537,645Tadżykistan
4%
6,031,200Turkmenistan
4%
18,383,955Zambia
4%
771,608Bhutan
3%
2,351,627Botswana
3%
10,847,910Dominikana
3%
896,445Fidżi
3%
17,915,568Gwatemala
3%
13,132,795Gwinea
3%
11,402,528Haiti
3%
9,904,607Honduras
3%
10,203,134Jordania
3%
5,094,118Kostaryka
3%
4,270,571Kuwejt
3%
38,128Liechtenstein
3%
540,544Malediwy
3%
4,649,658Mauretania
3%
2,540,905Namibia
3%
11,193,725Sudan Południowy
3%
8,278,724Togo
3%
14,862,924Zimbabwe
3%
397,628Belize
2%
12,123,200Benin
2%
3,546,421Erytrea
2%
2,225,734Gabon
2%
2,416,668Gambia
2%
786,552Gujana
2%
2,142,249Lesotho
2%
5,057,681Liberia
2%
19,129,952Malawi
2%
6,624,554Nikaragua
2%
18,094Palau
2%
8,947,024Papua-Nowa Gwinea
2%
12,952,218Rwanda
2%
586,632Surinam
2%
97,929Antigua i Barbuda
1%
393,244Bahamy
1%
1,701,575Bahrajn
1%
287,375Barbados
1%
437,479Brunei
1%
20,903,273Burkina Faso
1%
11,890,784Burundi
1%
988,000Dżibuti
1%
1,160,164Eswatini
1%
1,968,001Gwinea Bissau
1%
1,402,985Gwinea Równikowa
1%
119,449Kiribati
1%
869,601Komory
1%
1,271,768Mauritius
1%
115,023Mikronezja
1%
10,824Nauru
1%
555,987Republika Zielonego Przylądka
1%
53,199Saint Kitts i Nevis
1%
183,627Saint Lucia
1%
6,486,205Salwador
1%
198,414Samoa
1%
98,347Seszele
1%
7,976,983Sierra Leone
1%
1,318,445Timor Wschodni
1%
105,695Tonga
1%
1,399,488Trynidad i Tobago
1%
11,792Tuvalu
1%
307,145Vanuatu
1%
59,190Wyspy Marshalla
1%
112,523Grenada
0%
110,940Saint Vincent i Grenadyny
0%
686,884Wyspy Salomona
0%
219,159Wyspy Świętego Tomasza i Książeca
0%

Rozkład punktacji

Percentyl według liczby udzielonych odpowiedzi

Procent ludzi z każdym wynikiem

Twoja historia wyników

Nie rozwiązałeś tego quizu